000 00788nam a2200229Ii 4500
003 JO-AjNU
008 230605s9999||||xx |||||||||||||| ||und||
017 _a2010/7/2660
020 _a978-9957-70-443-8
040 _aJO-AjNU
_bara
_erda
_cJO-AjNU
041 _aara
050 1 4 _aBF128.A7.K43.2011
100 3 _aأبو أسعد،احمد عبد اللطيف ، الختاتنه،سامي محسن,
_eauthor
_931168
245 0 0 _aاتجاهات علم النفس :النظرية وتطبيقاته
250 _aط1
264 3 1 _aاربد:عالم الكتب الحديث للنشر والتوزيع 2011
300 _a302ص
336 _atext
_btxt
_2rdacontent
337 _aunmediated
_bn
_2rdamedia
338 _avolume
_bnc
_2rdacarrier
650 4 _aعلم النفس
_931169
999 _aA12437
_c16005
_d16005